[Event "XX Sants Open 2018"]
[Site "Cotxeres de Sants"]
[Date "2018.08.19"]
[Round "3"]
[White "Vaibhav, Suri"]
[Black "Veinberg, Nimrod"]
[Result "1-0"]
[WhiteElo "2561"]
[BlackElo "2389"]
[Annotator "ChessBase"]
[PlyCount "49"]
[EventDate "2018.08.17"]
[EventType "swiss"]
[EventCountry "ESP"]
[SourceTitle "playchess.com"]
[Source "ChessBase"]
[SourceQuality "1"]
[TimeControl "40/5400+30:1800+30"]

1. e4 {[%emt 0:00:00]} e5 {[%emt 0:07:49]} 2. Nf3 {[%emt 0:00:13]} Nc6 {[%emt 0:00:17]} 3. Bc4 {[%emt 0:00:07]} Bc5 {[%emt 0:00:13]} 4. d3 {[%emt 0:00:16]} Nf6 {[%emt 0:00:13]} 5. O-O {[%emt 0:00:07]} d6 {[%emt 0:00:23]} 6. c3 {[%emt 0:00:08]} h6 {[%emt 0:01:54]} 7. Re1 {[%emt 0:00:56]} a6 {[%emt 0:01:26]} 8. a4 {[%emt 0:00:35]} Ba7 {[%emt 0:00:14]} 9. Nbd2 {[%emt 0:00:42]} g5 {[%emt 0:02:35]} 10. b4 {[%emt 0:05:29]} Ne7 {[%emt 0:12:59]} 11. Nf1 {[%emt 0:13:02]} Ng6 {[%emt 0:00:30]} 12. Be3 {[%emt 0:00:39]} Bxe3 {[%emt 0:04:21]} 13. Nxe3 {[%emt 0:01:34]} a5 {[%emt 0:00:36]} 14. bxa5 {[%emt 0:09:41]} Rxa5 {[%emt 0:01:01]} 15. Nd2 {[%emt 0:00:28]} O-O {[%emt 0:06:52]} 16. d4 {[%emt 0:01:36]} Re8 {[%emt 0:14:01]} 17. Qb3 {[%emt 0:07:14]} Qe7 {[%emt 0:00:16]} 18. Nf5 {[%emt 0:05:20]} Qf8 {[%emt 0:00:35]} 19. Bxf7+ {[%emt 0:00:21]} Kh7 {[%emt 0:00:46]} 20. Bxe8 {[%emt 0:01:52]} Qxe8 {[%emt 0:00:21]} 21. Nc4 {[%emt 0:14:36]} Ra7 {[%emt 0:00:29]} 22. dxe5 {[%emt 0:03:54]} dxe5 {[%emt 0:00:50]} 23. a5 {[%emt 0:01:46]} Be6 {[%emt 0:02:20]} 24. Qb4 {[%emt 0:01:06]} Qc6 {[%emt 0:00:14]} 25. Nxe5 {[%emt 0:02:36]} 1-0

[Event "XX Sants Open 2018"]
[Site "Cotxeres de Sants"]
[Date "2018.08.19"]
[Round "3"]
[White "Peralta, Fernando"]
[Black "Lavrov, Maxim"]
[Result "1-0"]
[WhiteElo "2556"]
[BlackElo "2384"]
[Annotator "ChessBase"]
[PlyCount "63"]
[EventDate "2018.08.17"]
[EventType "swiss"]
[EventCountry "ESP"]
[SourceTitle "playchess.com"]
[Source "ChessBase"]
[SourceQuality "1"]
[TimeControl "40/5400+30:1800+30"]

1. d4 {[%emt 0:00:05]} Nf6 {[%emt 0:00:00]} 2. c4 {[%emt 0:00:06]} g6 {[%emt 0:00:00]} 3. Nc3 {[%emt 0:00:07]} Bg7 {[%emt 0:00:08]} 4. e4 {[%emt 0:00:16]} d6 {[%emt 0:00:15]} 5. Be2 {[%emt 0:00:07]} O-O {[%emt 0:00:17]} 6. Be3 {[%emt 0:00:08]} e5 {[%emt 0:00:32]} 7. d5 {[%emt 0:00:07]} c6 {[%emt 0:01:59]} 8. Nf3 {[%emt 0:00:53]} cxd5 {[%emt 0:01:47]} 9. cxd5 {[%emt 0:00:09]} Nh5 {[%emt 0:00:12]} 10. Nd2 {[%emt 0:13:06]} Nf4 {[%emt 0:04:15]} 11. Bf1 {[%emt 0:00:07]} Na6 {[%emt 0:23:19]} 12. g3 {[%emt 0:02:12]} Nh5 {[%emt 0:03:23]} 13. Be2 {[%emt 0:01:44]} Bd7 {[%emt 0:08:28]} 14. a3 {[%emt 0:05:49]} Nf6 {[%emt 0:12:40]} 15. g4 {[%emt 0:01:08]} Ne8 {[%emt 0:01:44]} 16. h4 {[%emt 0:01:57]} f5 {[%emt 0:01:02]} 17. gxf5 {[%emt 0:00:52]} gxf5 {[%emt 0:00:07]} 18. exf5 {[%emt 0:00:18]} Bxf5 {[%emt 0:00:24]} 19. Nde4 {[%emt 0:02:29]} Nf6 {[%emt 0:01:21]} 20. Ng3 {[%emt 0:02:10]} Qd7 {[%emt 0:07:36]} 21. Rc1 {[%emt 0:18:17]} Bg4 {[%emt 0:04:32]} 22. h5 {[%emt 0:02:26]} Bxe2 {[%emt 0:02:19]} 23. Qxe2 {[%emt 0:00:07]} Qg4 {[%emt 0:04:33]} 24. Rg1 {[%emt 0:03:20]} Qxe2+ {[%emt 0:02:28]} 25. Kxe2 {[%emt 0:00:35]} Rf7 {[%emt 0:09:39]} 26. Nf5 {[%emt 0:06:41]} Kh8 {[%emt 0:00:42]} 27. Nxd6 {[%emt 0:00:44]} Rd7 {[%emt 0:00:29]} 28. h6 {[%emt 0:00:17]} Bf8 {[%emt 0:01:19]} 29. Nde4 {[%emt 0:00:25]} Nh5 {[%emt 0:03:41]} 30. d6 {[%emt 0:06:11]} Bxd6 {[%emt 0:03:04]} 31. Rcd1 {[%emt 0:01:54]} Rad8 {[%emt 0:00:47]} 32. Rg5 {[%emt 0:01:11]} 1-0

[Event "XX Sants Open 2018"]
[Site "Cotxeres de Sants"]
[Date "2018.08.19"]
[Round "3"]
[White "Fernandez Cardoso, Alexey"]
[Black "Gledura, Benjamin"]
[Result "0-1"]
[WhiteElo "2403"]
[BlackElo "2626"]
[Annotator "TA"]
[PlyCount "58"]
[EventDate "2018.08.17"]
[EventType "swiss"]
[EventCountry "ESP"]
[SourceTitle "playchess.com"]
[Source "ChessBase"]
[SourceQuality "1"]

{[%evp 20,58,8,0,15,8,19,0,32,21,34,0,16,31,45,40,19,-54,-47,-41,-48,-84,-84,-77,-82,-100,-88,-83,-46,-55,-30,-299,-292,-322,-289,-1007,-1043,-1029,-1039,-2983,-2608]} 1. e4 c5 2. Nf3 Nc6 3. Nc3 e6 4. d4 cxd4 5. Nxd4 Qc7 6. f4 a6 7. Be3 b5 8. Bd3 {B48: Sizilianisch (Paulsen-Variante)} Bb7 9. Qd2 Nf6 10. e5 Ng4 11. Bg1 {LiveBook: 4 Partien} Rc8 $146 ({Vorgänger:} 11... Nxd4 12. Bxd4 Bc5 13. Be2 Nh6 14. O-O-O Bxd4 15. Qxd4 Rc8 {1-0 (58) Smirin,I (2650)-Polgar,J (2687) Netanya 2009}) 12. Qe2 Nh6 13. O-O-O Nxd4 14. Bxd4 Nf5 15. Bg1 (15. Bxf5 $5 exf5 16. Be3 $11) 15... h5 16. Kb1 h4 17. Ne4 Qa5 18. Nd2 (18. c3 $11) 18... h3 $36 {[%mdl 2048] Schwarz kämpft um Vorteil.} ({Bitte nicht} 18... Bd5 $6 19. Nb3 $16) 19. Be4 hxg2 20. Bxg2 Bxg2 21. Qxg2 Rh4 22. Qf3 {[#]} Qc7 $1 {[%cal Rc7c2]} 23. c3 Qc6 24. Ne4 b4 {Und weiter mit ...bxc3 wäre nett.} 25. Rc1 $2 {[%mdl 8192] [#]} (25. Bf2 $11) 25... Rh3 $1 $19 {[%cal Rh3f3][%mdl 512]} 26. Qg2 {[#]} (26. Qxh3 Qxe4+) 26... bxc3 $1 {[%mdl 512]} 27. bxc3 $2 (27. Ba7) 27... Rb8+ {Schwarz steht klar auf Gewinn.} 28. Ka1 Ba3 29. Rc2 {[#]} Re3 $1 {[%mdl 512] Precision: Weiß = 45%, Schwarz = 66%.} 0-1

[Event "XX Sants Open 2018"]
[Site "Cotxeres de Sants"]
[Date "2018.08.19"]
[Round "3"]
[White "Krishna C R G"]
[Black "Petrov, Nikita"]
[Result "1/2-1/2"]
[WhiteElo "2402"]
[BlackElo "2591"]
[Annotator "TA"]
[PlyCount "116"]
[EventDate "2018.08.17"]
[EventType "swiss"]
[EventCountry "ESP"]
[SourceTitle "playchess.com"]
[Source "ChessBase"]
[SourceQuality "1"]

{[%evp 17,116,0,-11,-15,-9,-13,-7,-8,-11,-91,-91,-85,-92,-108,-113,-107,-85,-87,-75,-80,-82,-103,-83,-86,-83,-95,-62,-77,-83,-142,-150,-149,-147,-148,-146,-138,-107,-170,-128,-126,-124,-125,-97,-90,-106,-92,-100,-93,-98,-97,-105,-115,-115,-98,-91,-103,-52,-71,-12,-227,-176,-180,-160,-162,-70,-366,-295,-288,-281,-281,-280,-272,-272,-270,-270,-259,-259,-241,-234,-254,-3,-3,-3,-2,0,0,0,0,0,0,0,0,0,0,0,0,0,0,0,0,0]} 1. d4 Nf6 2. Nf3 d5 3. e3 c5 4. c4 cxd4 5. exd4 g6 6. Nc3 Bg7 7. Qb3 O-O 8. cxd5 Nbd7 9. a4 {B14: Caro-Kann: Panov-Botvinnik Attack with 5...e6 and 5...g6} (9. Be2 Nb6 10. h3 Nfxd5 11. Ne4 Nc7 12. O-O Be6 13. Qb4 Bd5 14. Nc3 Na6 15. Qb5 Bc6 16. Qg5 Nb4 {½-½ (32) Yurtseven,M (2404)-Plat,V (2569) Marianske Lazne 2018}) 9... a5 {LiveBook: 4 Games} 10. Bb5 $146 ({Predecessor:} 10. Be2 Nb6 11. O-O Nfxd5 12. Nxd5 Nxd5 13. Rd1 Nb4 14. Bd2 Be6 15. Bc4 Bxc4 16. Qxc4 Qd5 {1-0 (50) Zwirs,N (2388)-Xiang,Z (2310) Groningen 2016}) 10... Nb6 11. O-O Nfxd5 12. Re1 Bg4 13. Ne4 (13. Ne5 $11 {keeps the balance.} Be6 14. Nxd5) 13... Nb4 $17 14. Bg5 Bxf3 15. gxf3 h6 16. Bh4 g5 (16... Bxd4 17. Rad1 $16) 17. Bg3 Qd5 ({Worse is} 17... Bxd4 18. Rad1 $16) 18. Qd1 Qxd4 19. Nc3 Qxd1 20. Raxd1 e6 $36 {[%mdl 2048] Black is in control.} 21. h4 N6d5 22. hxg5 hxg5 23. Bc4 (23. Nxd5 $142 Nxd5 24. Bc4) 23... Nxc3 24. bxc3 Bxc3 25. Re3 Bf6 26. Rd7 Rac8 27. Bb3 (27. Re4 $17) 27... Na6 28. Rxb7 Nc5 29. Rb5 Bd4 30. Re2 Nxb3 31. Rxb3 Rfd8 32. Rb5 Rd5 33. Rxd5 exd5 {[%mdl 4096] Endgame KRB-KRB} 34. Re7 Bc3 35. Rd7 d4 36. Kg2 Rc4 (36... Kf8 $17 37. f4 gxf4) 37. Be5 $1 $15 Rxa4 ({Black should play} 37... d3 $17 38. Bxc3 Rxc3) 38. Bf6 $2 (38. f4 $1 $11 gxf4 39. Kf3) 38... Kh7 39. Bxg5 Rc4 40. f4 Kg7 (40... Kg6 $19 41. Rd6+ Kf5) 41. Rd6 $2 {[%mdl 8192]} ({White should try} 41. Kf3 $15) 41... f5 42. Kf3 a4 {[%cal Ba5a4,Ba4a3][%mdl 32]} 43. Ke2 a3 $1 44. Ra6 {[#]} Bb2 $1 45. Kd2 Kf7 46. Bf6 Rb4 47. Be5 {[#]} Rb3 $1 48. Ra4 d3 $2 (48... Kg6 $19 {Strongly threatening ...Kh5.} 49. Bxd4 Bxd4 50. Rxd4 Kh5) 49. Ra6 $11 {The position is equal.} Ke7 50. Bd6+ Kd7 {Hoping for ...a2!} 51. Be5 Bxe5 52. fxe5 {KR-KR} f4 53. f3 Ke7 54. Rf6 Rb4 (54... a2 $5 55. Ra6 $8 Rb5 $11) 55. Ra6 Rb3 56. Rf6 Rb1 {aiming for ...a2.} 57. Ra6 Rf1 {Threatens to win with ...a2.} 58. Kxd3 {Ke4 is the strong threat.} Re1 {Precision: White = 62%, Black = 61%.} 1/2-1/2

[Event "XX Sants Open 2018"]
[Site "Cotxeres de Sants"]
[Date "2018.08.19"]
[Round "3"]
[White "Huber, Martin Christian"]
[Black "Cruz, Cristhian"]
[Result "0-1"]
[WhiteElo "2390"]
[BlackElo "2571"]
[Annotator "TA"]
[PlyCount "52"]
[EventDate "2018.08.17"]
[EventType "swiss"]
[EventCountry "ESP"]
[SourceTitle "playchess.com"]
[Source "ChessBase"]
[SourceQuality "1"]

{[%evp 21,52,65,68,29,12,0,0,0,0,0,0,-6,-5,-67,-52,-81,-79,-116,-130,-109,-116,-110,-112,-89,-94,-103,-90,-229,-227,-377,-259,-346,-370]} 1. d4 Nf6 2. c4 e6 3. Nf3 d5 4. Nc3 Be7 5. Bf4 O-O 6. e3 c5 7. dxc5 Bxc5 8. Qc2 Nc6 9. Rd1 a6 {D37: Damengambit (5.Lf4)} (9... Qa5 10. a3 Re8 11. Nd2 e5 12. Bg5 Nd4 13. Qb1 Bf5 14. Bd3 Bxd3 15. Qxd3 Ne4 16. Nxd5 Nxg5 17. exd4 Bxd4 18. b4 {½-½ (57) Mamedyarov,S (2808)-Anand,V (2759) Paris 2018}) 10. a3 Qa5 11. Nd2 Be7 {LiveBook: 8 Partien. Weiß steht etwas besser.} 12. Nb3 Qb6 13. cxd5 exd5 14. Be2 Be6 15. O-O Rac8 16. Bf3 {[#]} Ne4 $146 ({Vorgänger:} 16... Rfd8 17. Nd4 Nxd4 18. Rxd4 Ne4 19. Bxe4 dxe4 20. Rxd8+ Rxd8 {½-½ (56) Tregubov,P (2563)-Rychagov,A (2542) Sochi 2006}) 17. Bxe4 (17. Na4 $1 $11 Qb5 18. Nc3 Nxc3 19. bxc3) 17... dxe4 $15 18. Nc1 f5 19. Rd2 Na5 {[%cal Bc6a5,Ba5c4,Bc4b2][%mdl 32]} 20. Be5 Qc5 21. Bd4 Qc7 22. Qd1 Rfd8 23. Qh5 Bf6 24. Rfd1 (24. N1e2 $17) 24... Nc4 $19 25. Rc2 (25. Bxf6 {war einen Versuch wert.} Rxd2 26. Rxd2 Nxd2 27. Bd4) 25... Bxd4 26. exd4 {[#]} Nxb2 $1 {[%mdl 512] Precision: Weiß = 27%, Schwarz = 88%.} 0-1

[Event "XX Sants Open 2018"]
[Site "Cotxeres de Sants"]
[Date "2018.08.19"]
[Round "3"]
[White "Shyaamnikhil P"]
[Black "Martinez Alcantara, Jose Eduardo"]
[Result "1/2-1/2"]
[WhiteElo "2389"]
[BlackElo "2561"]
[Annotator "TA"]
[PlyCount "132"]
[EventDate "2018.08.17"]
[EventType "swiss"]
[EventCountry "ESP"]
[SourceTitle "playchess.com"]
[Source "ChessBase"]
[SourceQuality "1"]

{[%evp 15,132,14,12,-13,-18,-19,-13,-18,16,4,1,0,6,6,18,28,11,12,29,33,59,33,39,24,54,35,63,44,63,47,45,33,42,33,39,42,39,38,45,36,44,37,42,45,36,42,60,45,59,44,51,47,30,29,41,32,66,39,38,13,13,-5,0,0,27,0,0,0,41,8,49,0,0,-9,-9,-9,-9,-9,-9,-9,-9,-23,-23,-23,-23,-23,-23,-23,-23,-23,-23,-23,-23,-23,-9,-12,-10,-23,-23,-23,-23,-23,-23,-23,-14,-23,0,0,0,0,0,0,0,0,0,0,0,0,0]} 1. g3 c5 2. Bg2 Nc6 3. e4 g6 4. Ne2 Bg7 5. O-O Nf6 6. d4 {B20: Sicilian: Unusual White 2nd moves} cxd4 7. Nxd4 Nxd4 8. Qxd4 d6 {LiveBook: 5 Games} 9. h3 O-O 10. Qe3 Be6 11. c3 Qa5 12. Nd2 {[%cal Bb1d2,Bd2f3,Bf3d4][%mdl 32]} Rac8 13. Nf3 {[#]} b5 $146 14. Bd2 Nd7 15. Nd4 Bc4 16. Rfd1 e5 17. Nc2 Nf6 18. Qe1 Qb6 19. Bg5 Be6 20. Qe3 {aiming for Qxb6.} Rc5 21. Rd2 Rfc8 22. Rad1 Ne8 23. Qe1 {Hoping for Be3.} Qb7 24. Nb4 Bf8 25. Nd5 Bxd5 26. Rxd5 Rxd5 27. Rxd5 h6 28. Bc1 Nf6 29. Rd1 a5 30. Qe2 Kh7 31. Bd2 Qc6 32. Be1 Be7 33. Qd3 Kg7 34. Kh2 h5 35. h4 Qb6 36. f3 b4 37. cxb4 axb4 38. Qe2 Ra8 39. Qc4 Qa7 40. Ra1 Rb8 41. Rd1 ({Avoid the trap} 41. Bxb4 $2 d5 $19) 41... Nd7 42. Bh3 ({Wrong is} 42. Bxb4 $2 Qa4 $19) 42... Nc5 43. Bf2 ({Not} 43. Bxb4 $2 Qa4 $19) 43... Qa4 44. Rd2 b3 $1 45. axb3 Qxb3 46. Qxb3 Rxb3 47. Bxc5 dxc5 $11 {[%mdl 4096] Endgame KRB-KRB} 48. Kg2 g5 49. hxg5 Bxg5 50. Rc2 Be3 51. Bd7 Bd4 52. Bc6 Rxb2 53. Rxb2 Bxb2 {KB-KB} 54. Bd5 Bd4 55. Kh3 Bf2 56. Kh4 Kg6 57. Bc4 Be3 58. Bd5 Bg5+ 59. Kh3 Bd8 60. Bc4 f5 61. exf5+ $1 {The position is equal.} Kxf5 62. Bf7 h4 63. Bd5 hxg3 64. Kxg3 c4 65. Bxc4 e4 66. fxe4+ Kxe4 {Precision: White = 53%, Black = 54%.} 1/2-1/2

[Event "XX Sants Open 2018"]
[Site "Cotxeres de Sants"]
[Date "2018.08.19"]
[Round "3"]
[White "Barbero Sendic, Alejandro"]
[Black "Volkov, Sergey"]
[Result "0-1"]
[WhiteElo "2388"]
[BlackElo "2557"]
[Annotator "TA"]
[PlyCount "66"]
[EventDate "2018.08.17"]
[EventType "swiss"]
[EventCountry "ESP"]
[SourceTitle "playchess.com"]
[Source "ChessBase"]
[SourceQuality "1"]

{[%evp 33,66,27,42,26,35,25,34,25,68,46,57,14,13,11,9,-65,-63,-81,-79,-75,-86,-126,-106,-164,-166,-159,-156,-199,-211,-219,-245,-172,-236,-303,-189]} 1. e4 e6 2. d4 d5 3. Nd2 Nf6 4. e5 Nfd7 5. Bd3 c5 6. c3 Nc6 7. Ne2 cxd4 8. cxd4 f6 9. exf6 Nxf6 10. Nf3 Bd6 11. O-O O-O 12. Bf4 Bxf4 13. Nxf4 Ng4 14. Qd2 Qf6 {C06: French Tarrasch: 3...Nf6 4 e5 Nfd7 5 Bd3 main lines} 15. Nh5 {[%cal Bf4h5,Bh5g3,Bg3e2,Be2c3][%mdl 32]} (15. Ne2 e5 16. dxe5 Ngxe5 17. Nxe5 Qxe5 18. Rae1 Be6 19. Bb5 Qd6 20. Nd4 Bd7 21. Nb3 Rad8 22. Bxc6 bxc6 {½-½ (86) Jones,G (2666)-Volkov,S (2557) Linares 2018}) 15... Qh6 16. Qxh6 Nxh6 17. Rac1 Bd7 {LiveBook: 3 Games} 18. Ng3 Nf7 {[%cal Bh6f7,Bf7d8,Bd8c6][%mdl 32]} 19. Bb5 Nfd8 $146 ({Predecessor:} 19... Rac8 20. Bxc6 Bxc6 21. Rfe1 Bd7 22. b3 Rxc1 23. Rxc1 {½-½ (35) Liu,M (2173)-Jiang,Z (2063) Beijing 2017}) 20. Rfe1 Kf7 21. Ne2 Ke7 22. Nc3 Rxf3 $1 23. gxf3 {aiming for Nxd5+.} Nxd4 24. Be2 ({White should try} 24. Nxd5+ $1 $11 Kd6 25. Nc7 Nxf3+ 26. Kf1 Nxe1 27. Nxa8 Bxb5+ 28. Kxe1) 24... N8c6 $15 25. Kg2 Rf8 26. Rcd1 g5 27. Bb5 {Hoping for Bxc6.} Nxf3 28. Re3 {[#]} (28. Nxd5+ $17 {is a better defense.} Kd8 29. Nc3 Nxe1+ 30. Rxe1) 28... Nh4+ $1 $19 29. Kf1 {[#] And now Nxd5+ would win.} d4 $1 {[%cal Rd4e3]} 30. Red3 e5 31. Ne4 Nb4 32. Bxd7 {Threatens to win with Rb3.} Nxd3 ({And not} 32... Kxd7 33. Rb3 $11) 33. Bb5 Nxb2 {Precision: White = 50%, Black = 85%.} 0-1

[Event "XX Sants Open 2018"]
[Site "Cotxeres de Sants"]
[Date "2018.08.19"]
[Round "3"]
[White "Ramirez Garcia, Jorge Alberto"]
[Black "Swiercz, Dariusz"]
[Result "0-1"]
[WhiteElo "2314"]
[BlackElo "2669"]
[Annotator "TA"]
[PlyCount "90"]
[EventDate "2018.08.17"]
[EventType "swiss"]
[EventCountry "ESP"]
[SourceTitle "playchess.com"]
[Source "ChessBase"]
[SourceQuality "1"]

{[%evp 22,90,19,10,10,0,0,10,15,0,0,-22,-21,-39,0,0,0,0,0,-12,-7,0,-5,-10,0,-18,-16,-83,-17,-18,-15,-72,-73,-81,-77,-104,-93,-140,-152,-160,-145,-188,-185,-300,-308,-312,-308,-308,-302,-354,-359,-456,-440,-789,-835,-834,-819,-814,-790,-706,-653,-1663,-1631,-1685,-1572,-2000,-1856,-5473,-4133,-5477,-5425]} 1. e4 c5 2. c3 d5 3. exd5 Qxd5 4. d4 Nf6 5. Nf3 e6 6. Be3 cxd4 7. cxd4 Bb4+ 8. Nc3 {B22: Sicilian: 2 c3} O-O 9. Bd3 (9. Be2 Nbd7 10. O-O Bxc3 11. bxc3 b6 12. Nd2 Qd6 13. Bf3 Rb8 14. c4 Bb7 15. Bxb7 Rxb7 {1-0 (36) Finkel,A (2511)-Navara,D (2725) Tallinn 2016}) 9... Bd7 10. O-O Bxc3 11. bxc3 Bb5 12. Bxb5 {LiveBook: 19 Games} Qxb5 13. Qb3 Qa6 14. Rab1 b6 15. Ne5 Rc8 16. Rfc1 Nc6 17. Nc4 {[#]} Na5 $146 18. Nxa5 Qxa5 19. c4 Rc6 20. Rc2 Rac8 21. Rbc1 Qf5 22. a4 h6 23. h3 Nd5 {[%cal Bf6d5,Bd5b4,Bb4c6][%mdl 32]} 24. a5 {[#]} (24. c5 $11) 24... bxa5 ({Much worse is} 24... Nxe3 $6 25. fxe3 Qxa5 26. Ra2 $11) (24... b5 $1 $17 {[%mdl 512]}) 25. c5 $11 Nb4 26. Rc3 (26. Rd2 $11) 26... R6c7 $17 {[%cal Bc6c7,Bc7b7,Bb7b5][%mdl 32]} 27. Qa4 {[#]} Nc6 $1 28. Rc4 Rb7 29. Qa2 Rcb8 30. Qa4 Qd5 31. Bd2 Rb5 32. Qa1 (32. Rd1 {was necessary.}) 32... e5 $19 {[%cal Be6e5,Be5d4][%mdl 32]} 33. Be3 {[#]} Qxc4 $1 {[%mdl 512]} 34. Rxc4 Rb1+ 35. Qxb1 Rxb1+ {[%mdl 4096] Endgame KRB-KRN} 36. Kh2 exd4 {Black is clearly winning.} 37. Rc1 (37. Bxd4 $142 Rb4 38. Rxb4 axb4 39. Be3) 37... Rxc1 38. Bxc1 {KB-KN} f6 39. Kg3 Kf7 40. Kf4 Ke6 41. g4 Kd5 42. h4 a4 43. h5 Ne5 44. Kf5 d3 45. f4 Nc4 {Precision: White = 28%, Black = 79%.} 0-1

[Event "XX Sants Open 2018"]
[Site "Cotxeres de Sants"]
[Date "2018.08.19"]
[Round "3"]
[White "Walter Travella, German"]
[Black "Marani, Luca"]
[Result "0-1"]
[WhiteElo "1930"]
[BlackElo "1837"]
[Annotator "NA"]
[PlyCount "104"]
[EventDate "2018.08.17"]
[EventType "swiss"]
[EventCountry "ESP"]
[SourceTitle "playchess.com"]
[Source "ChessBase"]
[SourceQuality "1"]
[TimeControl "40/5400+30:1800+30"]

1. e4 {[%emt 0:00:00]} e5 {[%emt 0:00:00]} 2. Nf3 {[%emt 0:00:00]} Nc6 {[%emt 0:00:00]} 3. Bb5 {[%emt 0:00:07]} Bc5 {[%emt 0:00:00]} 4. O-O {[%emt 0:00:21]} Nf6 {[%emt 0:00:06]} 5. c3 {[%emt 0:03:20]} Nxe4 {[%emt 0:00:05]} 6. d4 {[%emt 0:00:21]} exd4 {[%emt 0:00:12]} 7. cxd4 {[%emt 0:00:13]} Bb6 {[%emt 0:00:22]} 8. Re1 {[%emt 0:03:23]} d5 {[%emt 0:00:28]} 9. Ng5 {[%emt 0:01:45]} O-O {[%emt 0:03:44]} 10. Nxe4 {[%emt 0:01:07]} dxe4 {[%emt 0:01:15]} 11. Bxc6 {[%emt 0:03:25]} bxc6 {[%emt 0:01:29]} 12. Rxe4 {[%emt 0:00:40]} Bf5 {[%emt 0:10:13]} 13. Rf4 {[%emt 0:00:58]} Qd7 {[%emt 0:06:44]} 14. Nc3 {[%emt 0:04:58]} Rfe8 {[%emt 0:03:16]} 15. g4 {[%emt 0:05:02]} Bg6 {[%emt 0:03:59]} 16. Be3 {[%emt 0:01:28]} Rad8 {[%emt 0:06:25]} 17. h4 {[%emt 0:08:01]} h6 {[%emt 0:03:14]} 18. Qf3 {[%emt 0:02:05]} Qe6 {[%emt 0:28:51]} 19. Rd1 {[%emt 0:07:36]} Rd7 {[%emt 0:10:23]} 20. d5 {[%emt 0:04:18]} cxd5 {[%emt 0:02:00]} 21. Nxd5 {[%emt 0:17:04]} Bxe3 {[%emt 0:09:38]} 22. Qxe3 {[%emt 0:06:02]} c6 {[%emt 0:05:49]} 23. Nc3 {[%emt 0:05:16]} Qxe3 {[%emt 0:01:12]} 24. fxe3 {[%emt 0:00:15]} Rxd1+ {[%emt 0:00:47]} 25. Nxd1 {[%emt 0:00:16]} Bc2 {[%emt 0:00:14]} 26. Nf2 {[%emt 0:00:31]} Rxe3 {[%emt 0:00:15]} 27. Rc4 {[%emt 0:00:50]} Bb1 {[%emt 0:00:37]} 28. Rxc6 {[%emt 0:01:18]} Re1+ {[%emt 0:00:17]} 29. Kg2 {[%emt 0:02:17]} Re2 {[%emt 0:00:26]} 30. Rc8+ {[%emt 0:00:44]} Kh7 {[%emt 0:00:06]} 31. Rc7 {[%emt 0:00:18]} a6 {[%emt 0:00:28]} 32. Rxf7 {[%emt 0:03:33]} Bxa2 {[%emt 0:00:07]} 33. Ra7 {[%emt 0:00:24]} Bc4 {[%emt 0:00:13]} 34. Rc7 {[%emt 0:02:28]} Bd5+ {[%emt 0:00:50]} 35. Kg3 {[%emt 0:00:44]} Rxb2 {[%emt 0:00:08]} 36. h5 {[%emt 0:01:04]} Rb3+ {[%emt 0:00:24]} 37. Kf4 {[%emt 0:02:48]} Rb7 {[%emt 0:01:03]} 38. Rc5 {[%emt 0:02:48]} Rb5 {[%emt 0:00:30]} 39. Rc7 {[%emt 0:01:35]} Rb8 {[%emt 0:02:17]} 40. Nd3 {[%emt 0:00:00]} a5 {[%emt 0:00:00]} 41. Nc5 {[%emt 0:04:51]} Rf8+ {[%emt 0:05:45]} 42. Ke5 {[%emt 0:00:47]} Rf7 {[%emt 0:00:57]} 43. Rc8 {[%emt 0:01:05]} Bf3 {[%emt 0:01:48]} 44. Ne6 {[%emt 0:01:06]} Re7 {[%emt 0:02:16]} 45. Rc4 {[%emt 0:03:55]} Bd1 {[%emt 0:02:07]} 46. Rc5 {[%emt 0:08:07]} Bxg4 {[%emt 0:03:20]} 47. Rxa5 {[%emt 0:02:22]} Rxe6+ {[%emt 0:00:10]} 48. Kf4 {[%emt 0:00:09]} Bd1 {[%emt 0:02:14]} 49. Rd5 {[%emt 0:00:43]} Rf6+ {[%emt 0:00:44]} 50. Kg3 {[%emt 0:00:24]} Bb3 {[%emt 0:02:46]} 51. Rb5 {[%emt 0:00:58]} Be6 {[%emt 0:00:38]} 52. Ra5 {[%emt 0:01:47]} Rf5 0-1

[Event "XX Sants Open 2018"]
[Site "Cotxeres de Sants"]
[Date "2018.08.19"]
[Round "3"]
[White "Marza Vendrell, Conrado"]
[Black "Rodriguez Llorens, Jorge"]
[Result "1/2-1/2"]
[WhiteElo "1925"]
[BlackElo "1834"]
[Annotator "NA"]
[PlyCount "46"]
[EventDate "2018.08.17"]
[EventType "swiss"]
[EventCountry "ESP"]
[SourceTitle "playchess.com"]
[Source "ChessBase"]
[SourceQuality "1"]
[TimeControl "40/5400+30:1800+30"]

1. e4 c5 2. c3 d5 3. exd5 Qxd5 4. d4 Nf6 5. Nf3 Bg4 6. Be2 e6 7. O-O Be7 8. Re1 O-O 9. Nbd2 Nc6 10. Nf1 cxd4 11. Nxd4 Bxe2 12. Nxe2 Qxd1 13. Rxd1 Rfd8 14. Bg5 h6 15. Bf4 Ne4 16. Be3 Bc5 17. f3 Bxe3+ 18. Nxe3 Nc5 19. Rxd8+ Rxd8 20. Rd1 Rxd1+ 21. Nxd1 Nd3 22. b4 Kf8 23. Kf1 Ke7 1/2-1/2

[Event "XX Sants Open 2018"]
[Site "Cotxeres de Sants"]
[Date "2018.08.19"]
[Round "3"]
[White "Aparicio del Moral, Jesus Omar"]
[Black "Pallares Gurrea, Aitor Alexander"]
[Result "0-1"]
[WhiteElo "1919"]
[BlackElo "1826"]
[Annotator "NA"]
[PlyCount "102"]
[EventDate "2018.08.17"]
[EventType "swiss"]
[EventCountry "ESP"]
[SourceTitle "playchess.com"]
[Source "ChessBase"]
[SourceQuality "1"]
[TimeControl "40/5400+30:1800+30"]

1. d4 Nf6 2. Bf4 e6 3. e3 b6 4. Nf3 Bb7 5. Bd3 Ne4 6. Nbd2 f5 7. Bxe4 fxe4 8. Ng5 Qf6 9. Ngxe4 Qg6 10. Qf3 d5 11. Ng3 Qxc2 12. Qh5+ Qg6 13. Qxg6+ hxg6 14. Bxc7 Na6 15. Be5 Rc8 16. a3 Rc2 17. b4 Bc6 18. Ne2 Kd7 19. Nc1 Nc7 20. Bxc7 Kxc7 21. Ncb3 Bd6 22. Kd1 Rc3 23. g3 Kd7 24. Rc1 Rc4 25. h3 Bb7 26. Rh2 Rxc1+ 27. Kxc1 a5 28. bxa5 Bxa3+ 29. Kb1 bxa5 30. Nxa5 Ba6 31. f4 Bd3+ 32. Ka1 Bb4 33. Ndb3 Ra8 34. Kb2 Rb8 35. Ka2 Rb5 36. Rb2 Kc7 37. h4 Bxa5 38. Nc5 Rxb2+ 39. Kxb2 Bf5 40. Nb3 Be1 41. Kc1 Bxg3 42. Kd2 Bxh4 43. Nc5 Be7 44. Nb3 Kb6 45. Nc1 Bb4+ 46. Ke2 Kb5 47. Kf2 Kc4 48. Ne2 Be7 49. Ng1 Bh4+ 50. Ke2 Bg4+ 51. Kd2 Bf2 0-1